000 00991am a2200325a 44500
003 AR-BaBNM
005 20251128210308.0
008 059119s1999 #AR|||||||||||000 | spa||
020 _a84-493-0720-1
040 _cAR-BaBNM
100 1 _aBishop, Alan J.
245 1 0 _aEnculturación matemática
_bla educación matemática desde una perspectiva cultural
260 _aBarcelona
_bEdiciones Paidós Ibérica
_c1999
300 _a239 p.
_bgráfs.
490 0 _aTemas de educación
_vv. 49
500 _aApéndice: p. 223-224
500 _aContiene índice de nombres p. 237-239
504 _aContiene bibliografía p. 225-236
650 4 _aENSEÑANZA DE LAS MATEMATICAS
650 4 _aCULTURA
650 4 _aCURRICULO
650 4 _aMETODOS DE ENSEÑANZA
650 4 _aCARACTERISTICAS DEL ALUMNO
650 4 _aFORMACION DE CONCEPTOS
653 _aEDUCACION EN VALORES
653 _aEDUCACION Y PODER
800 1 _aColl, Cesar
_edirector
942 _cBK
998 _cRaquel
999 _c14837
_d14837